MARC

Tag First Indicator Second Indicator Subfields
LEADER 00000cam a2200000 i 4500
001 in00005778539
003 OCoLC
005 20260304132718.2
008 240903s2025 nyua j b 000 0 eng d
010 |a  2024041038 
024 8 |a 40033144261 
040 |a IG#  |b eng  |e rda  |c DLC  |d YDX  |d BDX  |d OCP  |d IG#  |d OQX  |d CLE  |d DLC  |d SOM  |d OCLCO  |d CHILD  |d IWA  |d CD5  |d YDX 
019 |a 1453619015  |a 1504756324 
020 |a 9780593897324  |q hardcover 
020 |a 0593897323  |q hardcover 
020 |a 9780593897348  |q library binding 
020 |a 059389734X  |q library binding 
020 |z 9780593897331  |q electronic book 
035 |a (OCoLC)1464295736  |z (OCoLC)1453619015  |z (OCoLC)1504756324 
042 |a lccopycat 
050 0 0 |a TD171.75  |b .L633 2025 
082 0 4 |a 363.7/0525  |2 23/eng/20250314 
100 1 |a Loach, Mikaela,  |e author. 
245 1 0 |a Climate is just the start /  |c Mikaela Loach. 
250 |a First edition. 
264 1 |a New York, NY :  |b Bright Matter Books, an imprint of Random House Children's Books, a division of Penguin Random House LLC,  |c [2025] 
300 |a xiv, 191 pages :  |b illustrations ;  |c 22 cm 
336 |a text  |b txt  |2 rdacontent  |0 http://id.loc.gov/vocabulary/contentTypes/txt 
337 |a unmediated  |b n  |2 rdamedia  |0 http://id.loc.gov/vocabulary/mediaTypes/n 
338 |a volume  |b nc  |2 rdacarrier  |0 http://id.loc.gov/vocabulary/carriers/nc 
504 |a Includes bibliographical references. 
520 |a "Climate is Just the Start is a hopeful and empowering guide for kids on how to STOP climate change and START building a better world--from rising-star activist Mikaela Loach. It's easy to see news about the climate crisis and feel powerless to stop it. But there's another way of looking at things. Mikaela offers an inspiring and optimistic road map toward a brighter future for everyone! Using stories from her life and work, Mikaela explains the climate crisis and how it connects with other social issues. She writes about friends from around the world who are experiencing the worst of climate change and what they are doing to fight back. She delivers a message not only of hope but of excitement to save our planet and create better lives for everyone in the process"--  |c Provided by publisher. 
505 0 0 |g Introduction:  |t You can't change the world without your feelings --  |t The story of the disappearing beaches --  |t Fossils are fueling it --  |t Climate is just the start --  |t The past is still present --  |t We are all connected --  |t Roots, branches, leaves, and fruit: how to understand injustice --  |t Imagination is power! --  |t Poetry break: Pink --  |t Consumed by our stuff --  |t A capital B bad system: capitalism --  |t We can change it! --  |t A dirty business --  |t Painting the world green --  |t Up and down the stream --  |t Poetry break: Possible --  |t Common ground becomes common sense --  |t It is never too late --  |t Turning 'me' into 'we' --  |t We are the ax that breaks down doors. 
586 |a Booklist Editor's Choice/Books for Youth, 2025 
650 0 |a Climate change mitigation  |x Citizen participation  |v Juvenile literature. 
650 0 |a Environmental protection  |x Citizen participation  |v Juvenile literature. 
650 0 |a Sustainable living  |v Juvenile literature. 
650 0 |a Human ecology  |v Juvenile literature. 
650 0 |a Social justice  |v Juvenile literature. 
650 1 |a Climate change mitigation  |x Citizen participation. 
650 1 |a Environmental protection  |x Citizen participation. 
650 1 |a Human ecology. 
650 1 |a Social justice. 
650 1 |a Sustainable living. 
650 6 |a Climat  |0 (CaQQLa)000268953  |x Changements  |0 (CaQQLa)000268953  |x Atténuation  |0 (CaQQLa)000268953  |x Participation des citoyens  |0 (CaQQLa)201-0373813  |v Ouvrages pour la jeunesse.  |0 (CaQQLa)201-0377026 
650 6 |a Environnement  |0 (CaQQLa)201-0065429  |x Protection  |0 (CaQQLa)201-0065429  |x Participation des citoyens  |0 (CaQQLa)201-0065429  |v Ouvrages pour la jeunesse.  |0 (CaQQLa)201-0377026 
650 6 |a Style de vie durable  |0 (CaQQLa)201-0502651  |v Ouvrages pour la jeunesse.  |0 (CaQQLa)201-0377026 
650 6 |a Justice sociale  |0 (CaQQLa)201-0019311  |v Ouvrages pour la jeunesse.  |0 (CaQQLa)201-0377026 
650 7 |a Climate change.  |2 sears 
650 7 |a Environmental protection  |x Citizen participation.  |2 sears 
650 7 |a Human ecology.  |2 sears 
655 7 |a Informational works.  |2 lcgft 
655 7 |a Documents d'information.  |2 rvmgf  |0 (CaQQLa)RVMGF-000001043 
945 |b 699558 
947 |a A14852274829 
980 |b print  |c 40033144261  |g 565712  |k USD  |m 18.89  |q 1  |s AcqMono Conventional  |t Approval plan  |u Vendor order reference number  |v ZYBP  |y Print approval  |z Physical resource 
999 f f |i 9186970b-0a81-4e6f-8843-aaec3c661bf3  |s 0895e353-21af-4deb-8592-9b83f6f33a6c  |t 0 
952 f f |p newbook  |a Texas A&M University  |b College Station  |c Sterling C. Evans Library  |s Evans nbs  |d Evans: New Book Shelves (1st floor)  |t 0  |e TD171.75 .L633 2025  |h Library of Congress classification  |i unmediated -- volume  |m A14852274829 
998 f f |a TD171.75 .L633 2025  |t 0  |l Evans: Curriculum Collection (4th floor)